[Event "Internationaux de France BLITZ"]
[Site "Saint Maur des Fosses, France"]
[Date "2024.06.16"]
[Round "9.7"]
[White "Lagarde, Maxime"]
[Black "Shchekachev, Andrei"]
[Result "1-0"]
[WhiteElo "2604"]
[BlackElo "2492"]
[PlyCount "87"]
[EventDate "2024.??.??"]

1. e4 {851} c5 {2} 2. Nf3 {2} e6 3. c3 {1} d5 {3} 4. e5 {1} d4 {1} 5. g3 {1}
Nc6 {10} 6. Bg2 {2} Nge7 {1} 7. O-O {2} Nd5 {61} 8. c4 {8} Nb6 {26} 9. d3 {1}
Be7 {1} 10. h4 {6} h6 {3} 11. h5 {8} Nd7 {26} 12. Re1 {2} Rb8 {2} 13. Nbd2 {36}
b6 {9} 14. Ne4 {15} Ncxe5 {34} 15. Nxe5 {2} Nxe5 {1} 16. Bf4 {1} Nd7 {3} 17.
Qg4 {48} Kf8 {1} 18. Bxb8 {2} Nxb8 {1} 19. Qe2 {12} Nd7 {5} 20. f4 {35} Nf6 {12
} 21. a3 {11} a5 {4} 22. Nxf6 {5} gxf6 {3} 23. Qf3 {16} f5 {8} 24. Kh2 {41} Rg8
{1} 25. Rg1 {23} Bd6 {3} 26. Bh3 {11} Ke7 {8} 27. Rae1 {14} Kf8 {5} 28. Ref1 {9
} Qe7 {8} 29. g4 {14} Bb7 {2} 30. Qf2 {3} fxg4 {10} 31. Rxg4 {1} Rxg4 {3} 32.
Bxg4 {1} Qf6 {9} 33. Kh3 {8} Ke7 {36} 34. Qg3 {7} Kd7 {10} 35. Rf2 {2} Kc7 {5}
36. Qh4 {7} Qg7 {26} 37. Bf3 {2} Bc8 {34} 38. Rg2 {2} Qh7 {15} 39. Be4 {3} e5+
{4} 40. Kh2 {8} f5 {1} 41. Qf6 {2} fxe4 {19} 42. Rg7+ {1} Qxg7 {1} 43. Qxg7+ {1
} Kc6 {2} 44. Qg5 {Kd5 [%clk 00:00:13] 9} 1-0

[Event "Internationaux de France BLITZ"]
[Site "Saint Maur des Fosses, France"]
[Date "2024.06.16"]
[Round "9.8"]
[White "Girel, Joseph"]
[Black "Yuffa, Daniil"]
[Result "1-0"]
[WhiteElo "2464"]
[BlackElo "2609"]
[PlyCount "171"]
[EventDate "2024.??.??"]

1. d4 {2} Nf6 {2} 2. c4 {1} g6 {2} 3. Nc3 {4} Bg7 {2} 4. e4 {5} d6 {2} 5. Nf3 {
7} O-O {2} 6. Bd3 {1} c5 {15} 7. d5 {4} e6 {10} 8. h3 {3} Na6 {3} 9. O-O {5} e5
{1} 10. g4 {9} h5 {14} 11. Nh2 {29} hxg4 {6} 12. hxg4 {2} Nh7 {1} 13. Be3 {28}
Bf6 {2} 14. f3 {12} Bg5 {6} 15. Bf2 {5} Kg7 {5} 16. Kg2 {4} Bf4 {63} 17. Rh1 {6
} Ng5 {6} 18. Ne2 {10} Bxh2 {26} 19. Rxh2 {1} Rh8 {1} 20. Qh1 {26} Rxh2+ {31}
21. Qxh2 {1} Qf6 {1} 22. Qg3 {39} Nb4 {6} 23. Bb1 {4} Bd7 {12} 24. a3 {1} Rh8 {
17} 25. Ng1 {6} Na6 {26} 26. Bd3 {5} Nc7 {3} 27. Be1 {12} b5 {7} 28. b3 {3}
bxc4 {14} 29. bxc4 Rb8 {1} 30. Bc3 {10} Rb3 {7} 31. Ne2 {11} Kf8 {9} 32. Bc2 {
21} Ba4 {14} 33. Bxb3 {57} Bxb3 {1} 34. Rc1 {7} Na8 {21} 35. Ba5 {29} Nb6 {3}
36. Bxb6 {2} axb6 37. Ng1 {5} Ba4 {32} 38. Nh3 {13} Nh7 {4} 39. g5 {2} Qd8 {5}
40. Qh4 {2} Kg8 {8} 41. Rh1 {6} Bb3 {14} 42. Kf2 {7} Qf8 {6} 43. Ng1 {5} Qg7 {1
} 44. Qg4 Bxc4 {6} 45. Nh3 {3} Qf8 {3} 46. Qd7 {2} b5 {3} 47. Kg3 {11} Qa8 48.
Qxd6 {2} Qxa3 {3} 49. Qb8+ Nf8 {1} 50. Qxe5 {2} Nd7 {21} 51. Qc7 {1} Nf8 {4}
52. Nf4 {4} Qc3 {3} 53. Qe7 {2} b4 {5} 54. d6 {1} Qd4 {1} 55. e5 {4} b3 {1} 56.
Qf6 Nh7 {1} 57. Qd8+ {5} Nf8 58. Qf6 {11} Nh7 {1} 59. Qe7 Nf8 {2} 60. d7 {6}
Qxd7 {2} 61. Qf6 Nh7 62. Qd6 {2} Qc8 {3} 63. Rc1 {3} b2 {2} 64. Rb1 Nxg5 {15}
65. Rxb2 Qf5 {1} 66. Rb8+ {1} Kh7 67. Qf6 {12} Qxf6 {8} 68. exf6 Ne6 {4} 69.
Nxe6 {1} Bxe6 70. Kf4 {3} c4 {5} 71. Rb6 {4} Kh6 {2} 72. Rc6 {1} g5+ 73. Ke5 {6
} c3 74. Rxc3 Kg6 {1} 75. Rc6 Bb3 {2} 76. Rc8 {1} Be6 {4} 77. Re8 Bd7 {3} 78.
Rg8+ {2} Kh6 {1} 79. Kd6 {1} Be6 {2} 80. Ke7 Bd5 81. Rg7 {5} Bxf3 {3} 82. Rxf7
{2} Bd5 {3} 83. Rg7 Bc4 {2} 84. f7 {7} Bxf7 {5} 85. Kxf7 {1} Kh5 {1} 86. Kf6 {1
} 1-0

[Event "Internationaux de France BLITZ"]
[Site "Saint Maur des Fosses, France"]
[Date "2024.06.16"]
[Round "10.1"]
[White "Bellahcene, Bilel"]
[Black "Materia, Marco"]
[Result "1/2-1/2"]
[WhiteElo "2544"]
[BlackElo "2453"]
[PlyCount "159"]
[EventDate "2024.??.??"]

1. e4 {81} c5 {2} 2. Nf3 e6 3. d4 cxd4 4. Nxd4 Nc6 5. Nc3 Qc7 {1} 6. Be3 a6 {2}
7. Be2 Nf6 {1} 8. a3 Be7 {9} 9. f4 {1} O-O {2} 10. Qd2 {12} d5 {45} 11. e5 {2}
Nd7 {7} 12. O-O {3} b5 {6} 13. Bd3 {13} Nxd4 {16} 14. Bxd4 f5 {13} 15. exf6 {22
} Bxf6 {1} 16. Qe3 {6} Bxd4 {12} 17. Qxd4 {1} Qc5 {4} 18. Ne2 {3} Bb7 {14} 19.
Rae1 {5} Rae8 {10} 20. b4 {29} Qxd4+ {2} 21. Nxd4 e5 {10} 22. fxe5 {1} Rxf1+ {8
} 23. Bxf1 {3} Rxe5 {3} 24. Kf2 {35} Kf7 {6} 25. Rd1 {7} Nf6 {6} 26. Bd3 {1}
Bc8 {15} 27. h3 h6 {29} 28. Rb1 {30} Ne8 {14} 29. a4 {13} bxa4 {7} 30. Ra1 {2}
Nd6 {17} 31. Rxa4 {9} Ne4+ {49} 32. Bxe4 {13} Rxe4 {1} 33. c3 Ke7 {8} 34. Ra5 {
44} Kd6 35. Ra2 {7} Rf4+ {6} 36. Ke3 {2} Rf1 {17} 37. Rf2 {31} Re1+ {2} 38. Kd3
{12} Rg1 {21} 39. h4 {17} Bd7 {7} 40. Ke3 {31} Re1+ {5} 41. Re2 {1} Rh1 {3} 42.
g3 {2} Rc1 {4} 43. Rc2 {2} Rg1 {8} 44. Kf2 {4} Ra1 {1} 45. Rd2 {15} Rc1 {13}
46. Rd3 Ke5 {10} 47. Nf3+ {12} Kd6 {1} 48. Nd4 {1} Ke5 {1} 49. Nb3 {5} Rc2+ {2}
50. Kf3 {14} Bf5 {12} 51. Re3+ {9} Be4+ 52. Kg4 {8} Ra2 53. Nc5 {1} a5 {2} 54.
Nd7+ {10} Kd6 {3} 55. Nc5 {1} axb4 {5} 56. cxb4 Ke5 {2} 57. Nxe4 {11} dxe4 {1}
58. Rb3 {3} Ra6 {3} 59. b5 {2} Rg6+ {1} 60. Kh3 {5} Rb6 {1} 61. Rb4 {1} Kd5 {7}
62. Kg4 {2} Rg6+ {10} 63. Kf4 {1} Rf6+ {2} 64. Ke3 {6} Rf3+ 65. Ke2 Kc5 {3} 66.
Rxe4 {1} Rxg3 {2} 67. Re5+ {14} Kb6 68. Kf2 {1} Rg4 {3} 69. h5 {1} Ka5 {1} 70.
Kf3 Rg1 {2} 71. Kf4 {1} g6 {2} 72. b6+ {5} Ka6 73. hxg6 {16} Rxg6 {2} 74. Kf5 {
3} Rxb6 {2} 75. Re6 {3} Rxe6 {2} 76. Kxe6 {1} h5 77. Kf5 h4 78. Kg4 {1} h3 79.
Kg3 h2 {2} 80. Kxh2 1/2-1/2

[Event "Internationaux de France BLITZ"]
[Site "Saint Maur des Fosses, France"]
[Date "2024.06.16"]
[Round "10.2"]
[White "Boyer, Mahel"]
[Black "Sebag, Marie"]
[Result "0-1"]
[WhiteElo "2455"]
[BlackElo "2441"]
[PlyCount "152"]
[EventDate "2024.??.??"]

1. Nf3 {1} d5 {1} 2. e3 Nf6 {4} 3. b3 {1} g6 {13} 4. c4 {3} c6 5. Bb2 {2} Bg7
6. Be2 {3} O-O {4} 7. O-O {1} Bg4 {3} 8. d3 {5} Nbd7 {5} 9. Nbd2 Re8 {10} 10.
h3 {1} Bxf3 {1} 11. Nxf3 {2} e5 {2} 12. cxd5 {4} cxd5 {1} 13. b4 a6 {25} 14.
Qb3 {3} Qe7 {25} 15. Rac1 {3} Rac8 16. a4 {29} e4 {17} 17. dxe4 {11} dxe4 {1}
18. Nd4 {9} Ne5 {6} 19. b5 {1} axb5 {29} 20. Bxb5 {10} Ned7 {29} 21. Rfd1 {27}
Red8 {44} 22. Be2 {58} Nc5 {14} 23. Qb5 {2} Nd3 {10} 24. Bxd3 {15} exd3 {1} 25.
Qxd3 {6} Ne4 {18} 26. Rc2 {25} Rxc2 {22} 27. Qxc2 {1} h5 {2} 28. Rc1 {27} Re8 {
35} 29. Nf3 Bxb2 {14} 30. Qxb2 Qd7 {1} 31. a5 {11} Qa4 {26} 32. Ra1 {17} Qd7 {9
} 33. Qc2 {26} Qf5 {15} 34. Qc7 {7} g5 {6} 35. Rf1 {27} g4 {3} 36. Nd4 {2} Qg5
{3} 37. hxg4 {6} hxg4 {2} 38. g3 {16} Qh5 {7} 39. Qd7 {17} Re5 40. Qd8+ {13}
Kg7 41. Qc7 {15} Nd2 {10} 42. Rd1 {3} Nf3+ {1} 43. Nxf3 gxf3 {1} 44. Qxb7 {3}
Rf5 {3} 45. Qa6 {3} Rxa5 {4} 46. Qc4 {1} Qh3 {3} 47. Qf1 {2} Qh6 {4} 48. Qc4 {6
} Qh3 {3} 49. Qf1 {4} Qh6 {1} 50. Qc4 {2} Qh3 {1} 51. Qf1 Qh6 52. Rd4 {7} Rh5 {
3} 53. Rg4+ Kf8 {4} 54. Rh4 Rxh4 55. gxh4 {2} Qxh4 {1} 56. e4 {8} Ke7 {12} 57.
e5 Kf8 {5} 58. Qd1 {9} Qg4+ {1} 59. Kf1 Qg2+ 60. Ke1 Qg1+ 61. Kd2 Qxf2+ {1} 62.
Kd3 Ke7 {16} 63. Qc1 Qe2+ {12} 64. Kd4 Kd7 {6} 65. Qf4 {5} Ke8 {4} 66. Qg4 {3}
Qd2+ {3} 67. Kc5 {2} f2 {7} 68. e6 {1} Qe3+ {2} 69. Kb5 {1} Qe5+ {2} 70. Kb4 {1
} Qxe6 {2} 71. Qf3 {8} Qe1+ {3} 72. Ka4 {2} f1=Q {8} 73. Qc6+ {4} Kf8 74. Qc5+
{1} Kg7 {1} 75. Qg5+ {1} Kf8 76. Qc5+ {5} Qe7 {1} 0-1

[Event "Internationaux de France BLITZ"]
[Site "Saint Maur des Fosses, France"]
[Date "2024.06.16"]
[Round "10.3"]
[White "Guliyev, Namig"]
[Black "Moussard, Jules"]
[Result "0-1"]
[WhiteElo "2486"]
[BlackElo "2610"]
[PlyCount "54"]
[EventDate "2024.??.??"]

1. e4 {1} c5 {2} 2. Nf3 {1} d6 {8} 3. Bb5+ {1} Nd7 {6} 4. d4 {2} cxd4 {2} 5.
Qxd4 {2} a6 {5} 6. Bxd7+ {3} Bxd7 {2} 7. Nc3 {3} Nf6 {7} 8. Bg5 {2} e6 {2} 9.
O-O-O {10} Bc6 {45} 10. Rhe1 {6} Be7 {8} 11. Kb1 {31} Qc7 {15} 12. Qd3 {17} O-O
{15} 13. Nd4 {23} Rac8 {18} 14. f4 {37} h6 {10} 15. Nxc6 {16} Qxc6 {9} 16. Bh4
{3} Rfe8 {21} 17. e5 {43} dxe5 {3} 18. fxe5 {3} Nd5 {12} 19. Nxd5 {14} Bxh4 {2}
20. Re4 {43} Red8 {16} 21. Rxh4 {81} Rxd5 {2} 22. Qe2 {3} Rxd1+ {31} 23. Qxd1 {
1} Qxg2 {2} 24. a4 {7} Qg5 25. Re4 {9} Rd8 {2} 26. Qe1 {4} Qh5 {15} 27. Qf2 {10
} Qd1+ {3} 0-1

[Event "Internationaux de France BLITZ"]
[Site "Saint Maur des Fosses, France"]
[Date "2024.06.16"]
[Round "10.4"]
[White "Fressinet, Laurent"]
[Black "Chabanon, Jean-Luc"]
[Result "1-0"]
[WhiteElo "2633"]
[BlackElo "2400"]
[PlyCount "84"]
[EventDate "2024.??.??"]

1. d4 Nf6 {2} 2. Nf3 {2} g6 {14} 3. Nbd2 {2} d5 {18} 4. e3 {2} Bg7 {10} 5. b4 {
3} O-O {24} 6. Bb2 {3} a5 {20} 7. b5 {2} a4 {19} 8. Ba3 {7} Nbd7 {18} 9. c4 {15
} Re8 {2} 10. cxd5 {105} Nxd5 {19} 11. Bc4 {6} N7b6 {14} 12. Bd3 {1} e5 {26}
13. O-O {2} exd4 {7} 14. exd4 {2} Nc3 {21} 15. Qc2 {11} Ne2+ {6} 16. Bxe2 {10}
Rxe2 {3} 17. Rae1 {44} Bf5 {16} 18. Qc1 {1} Rxe1 {14} 19. Rxe1 {1} Nd5 {3} 20.
Nc4 {7} Qd7 {9} 21. Qb2 Re8 {5} 22. Nce5 {18} Qc8 {19} 23. Qc1 {22} f6 {43} 24.
Nc4 Rxe1+ {4} 25. Qxe1 {2} Qe6 {4} 26. Qa5 {39} b6 {16} 27. Qxa4 {8} Nc3 {14}
28. Qa8+ {5} Qc8 29. Qa6 {15} Qe8 {14} 30. Ne3 {6} Be6 {7} 31. Bb2 {5} Nxb5 {4}
32. d5 {7} Bd7 {2} 33. a4 {10} Nd6 {2} 34. a5 {1} bxa5 {2} 35. Qxa5 {2} Qb8 36.
Qc3 {9} Ne8 {6} 37. Qc2 {6} Qb5 {5} 38. h3 {4} Qa4 {3} 39. Qc5 {4} Bf8 {7} 40.
Qc1 {2} Bd6 {4} 41. Nc4 {7} Be7 {5} 42. Qe3 {8} Qb4 {5} 1-0

[Event "Internationaux de France BLITZ"]
[Site "Saint Maur des Fosses, France"]
[Date "2024.06.16"]
[Round "10.5"]
[White "Travadon, Loic"]
[Black "Lagarde, Maxime"]
[Result "1-0"]
[WhiteElo "2445"]
[BlackElo "2604"]
[PlyCount "126"]
[EventDate "2024.??.??"]

1. d4 {1} f5 {2} 2. Nf3 {2} Nf6 {1} 3. Bg5 {2} e6 {8} 4. Nbd2 {2} h6 {6} 5.
Bxf6 {2} Qxf6 {2} 6. e4 {2} Nc6 {1} 7. c3 {1} g5 {13} 8. e5 {25} Qg7 {1} 9. g3
{3} b6 {42} 10. Qa4 {5} Be7 {16} 11. O-O-O {15} a6 {23} 12. Bd3 {27} Rb8 {8}
13. d5 {13} exd5 {8} 14. Bxf5 {4} O-O {7} 15. g4 {4} Nxe5 {23} 16. Nxe5 {6}
Qxe5 {2} 17. Rhe1 {24} Qg7 {19} 18. Bxd7 {37} Bd6 {20} 19. Bc6 {10} d4 {8} 20.
Ne4 {35} Bf4+ {9} 21. Kb1 {2} Bxg4 {3} 22. Rxd4 {2} Rbd8 {8} 23. Rxd8 {19} Rxd8
24. Qxa6 {9} Qe5 25. f3 {15} Bf5 {12} 26. Qc4+ {4} Kg7 {2} 27. h4 {23} gxh4 {13
} 28. Rg1+ {1} Bg3 {2} 29. Ka1 {3} Bxe4 {7} 30. Bxe4 {3} Kf6 {26} 31. Bb1 {10}
Qc5 {13} 32. Qf1 {26} Rd2 33. Rg2 {1} Qd6 {37} 34. Rxd2 {5} Qxd2 {1} 35. Qb5
Qg5 {27} 36. Qd7 {18} Bd6 {8} 37. Qd8+ {4} Ke5 {2} 38. Qe8+ {4} Kf4 {7} 39. Qe6
{30} Kg3 {3} 40. Qe1+ {6} Kxf3 {8} 41. Be4+ {2} Kf4 {1} 42. Bc6 {5} h3 {9} 43.
Qf2+ {15} Ke5 {3} 44. Qd4+ {2} Kf5 45. Bd7+ {1} Kg6 46. Qe4+ {1} Kg7 {3} 47.
Bxh3 {4} Qc1+ {2} 48. Qb1 {1} Qxb1+ {3} 49. Kxb1 Kf6 {1} 50. Kc2 {5} Kg5 {3}
51. Kd3 Kf4 {2} 52. b4 {3} h5 {8} 53. a4 {5} c5 {1} 54. a5 {4} cxb4 {6} 55. a6
{1} Bb8 56. cxb4 {2} b5 {2} 57. Kd4 {1} Ba7+ {1} 58. Kd5 h4 {5} 59. Kc6 Ke5 {4}
60. Kb7 Bf2 {6} 61. a7 {2} Bxa7 {2} 62. Kxa7 {1} Kd4 {2} 63. Ka6 {1} Kc4 1-0

[Event "Internationaux de France BLITZ"]
[Site "Saint Maur des Fosses, France"]
[Date "2024.06.16"]
[Round "10.6"]
[White "Dardha, Daniel"]
[Black "Girel, Joseph"]
[Result "1-0"]
[WhiteElo "2649"]
[BlackElo "2464"]
[PlyCount "89"]
[EventDate "2024.??.??"]

1. d4 {2} Nf6 {2} 2. c4 e6 {2} 3. Nc3 {3} Bb4 {5} 4. e3 {2} O-O {4} 5. a3 {1}
Bxc3+ {8} 6. bxc3 {2} d5 7. cxd5 {5} exd5 {1} 8. Bd3 {2} c5 {13} 9. Ne2 {4} b6
{2} 10. f3 {4} Re8 {5} 11. O-O {6} Ba6 {2} 12. Ng3 {10} Bxd3 {3} 13. Qxd3 {1}
Nc6 {1} 14. Bb2 {4} h5 {2} 15. Rfe1 {10} h4 {10} 16. Nh1 {2} h3 {9} 17. Ng3 {13
} hxg2 {13} 18. Rad1 {4} Qd7 {26} 19. Kxg2 {3} Rad8 {12} 20. h4 {20} Re6 {13}
21. Rh1 {52} Rde8 {7} 22. Bc1 {1} Na5 {18} 23. dxc5 {22} bxc5 {5} 24. e4 Nb3 {
24} 25. Bg5 {17} c4 {7} 26. Qf1 {39} Qd6 {53} 27. exd5 {45} Re5 {48} 28. Qxc4 {
22} Na5 {4} 29. Qb4 {39} Qa6 {19} 30. d6 {15} Nd5 {6} 31. Qg4 {26} Nc4 {12} 32.
Kh3 {11} Nce3 {7} 33. Bxe3 {1} Nxe3 {2} 34. Qf4 {6} Nxd1 {11} 35. Rxd1 Qb5 {16}
36. Qd4 {5} Qd7+ {2} 37. Kg2 {3} R8e6 {12} 38. Ne4 {2} Rg6+ {2} 39. Kf2 Rb5 {5}
40. c4 {3} Rb8 {11} 41. h5 Rh6 {4} 42. Rg1 f5 {15} 43. Nf6+ Rxf6 {1} 44. Qxf6
Re8 {5} 45. h6 {6} 1-0

[Event "Internationaux de France BLITZ"]
[Site "Saint Maur des Fosses, France"]
[Date "2024.06.16"]
[Round "10.7"]
[White "David, Alberto"]
[Black "Daeschler, Florian"]
[Result "0-1"]
[WhiteElo "2502"]
[BlackElo "2254"]
[PlyCount "145"]
[EventDate "2024.??.??"]

1. e4 e5 {1} 2. Nf3 {1} Nc6 3. Bb5 a6 {1} 4. Ba4 Nf6 {1} 5. d3 {2} d6 {2} 6. c3
{2} g6 {1} 7. O-O {2} Bg7 {1} 8. h3 {16} O-O {2} 9. Be3 Re8 {7} 10. Nbd2 {2} h6
{14} 11. Re1 {4} Qd7 {5} 12. d4 {18} b5 {5} 13. Bc2 {2} Bb7 {10} 14. a3 {2}
Rad8 {5} 15. Rc1 {13} d5 {31} 16. dxe5 {12} Nxe5 {11} 17. Nxe5 {3} Rxe5 {2} 18.
f4 {14} Ree8 {33} 19. e5 {2} d4 {43} 20. Bxd4 {18} Nh5 {10} 21. Ne4 {59} Nxf4 {
18} 22. Nc5 {2} Qc8 {43} 23. Nxb7 {4} Qxb7 {2} 24. Be4 {1} Qc8 {3} 25. Qf3 {2}
Ne6 {3} 26. Bb7 {66} Qd7 {15} 27. Bf2 {3} Ng5 {37} 28. Qc6 {20} Qxc6 {1} 29.
Bxc6 Rxe5 {2} 30. Red1 {11} Rxd1+ {13} 31. Rxd1 Re2 {1} 32. Rd8+ {16} Kh7 33.
Rd7 {1} Kg8 {44} 34. Rd8+ {40} Kh7 {2} 35. Rd7 {1} Kg8 36. b4 {10} Ne6 {6} 37.
Bd5 {5} Bxc3 {9} 38. Bxe6 {14} Rxe6 {9} 39. Rxc7 {1} Be5 {2} 40. Rc2 {8} Rd6 {2
} 41. Kf1 {1} Rd1+ {3} 42. Ke2 Ra1 {2} 43. Rc8+ {7} Kg7 {2} 44. Re8 {4} Bf6 {5}
45. Bc5 {10} Rxa3 {11} 46. Bf8+ {2} Kh7 {1} 47. Bc5 g5 {4} 48. Rc8 {3} Kg6 {8}
49. Rc6 {1} Kf5 50. Bd6 {8} h5 {6} 51. Bc7 {5} Ra2+ {7} 52. Kf1 Bd4 {2} 53. Rd6
{9} Be3 {6} 54. Rd7 {5} f6 {1} 55. Re7 {3} Bd4 {4} 56. Rd7 {2} Bc3 {1} 57. Bd6
{3} Rd2 {3} 58. Rc7 {5} Rxd6 {4} 59. Rxc3 Rd4 {1} 60. Rc6 Rxb4 {1} 61. Rxa6 Rb2
62. Rb6 {2} g4 {4} 63. hxg4+ {3} hxg4 64. Rc6 {10} Kg5 {3} 65. Rc5+ {3} f5 {1}
66. g3 b4 {4} 67. Rb5 {1} Rb3 {5} 68. Kf2 {2} Rf3+ {2} 69. Kg2 b3 70. Rb6 Rc3 {
4} 71. Kf2 {1} Rc2+ {1} 72. Ke3 {4} b2 {2} 73. Kd4 {6} 0-1

[Event "Internationaux de France BLITZ"]
[Site "Saint Maur des Fosses, France"]
[Date "2024.06.16"]
[Round "10.8"]
[White "Papadiamandis, Elliot"]
[Black "Dourerassou, Jonathan"]
[Result "1-0"]
[WhiteElo "2324"]
[BlackElo "2422"]
[PlyCount "69"]
[EventDate "2024.??.??"]

1. e4 {2} c5 {1} 2. Nf3 {2} e6 {1} 3. d4 {2} cxd4 {1} 4. Nxd4 Nf6 5. Bd3 {2}
Nc6 {3} 6. Nxc6 {3} dxc6 {4} 7. O-O {3} e5 {4} 8. Nd2 {3} Bd6 {4} 9. Nc4 {8}
Bc7 {1} 10. Bg5 {2} h6 {1} 11. Bh4 {1} Be6 {2} 12. Qf3 {17} Qe7 {9} 13. Bxf6 {5
} gxf6 {7} 14. Ne3 {1} O-O-O {12} 15. a4 {16} h5 {8} 16. a5 {8} a6 {9} 17. Nf5
{18} Qc5 {30} 18. Ng7 {3} Rh6 {16} 19. Nf5 {21} Rhh8 {33} 20. Ng7 {35} Rh6 {24}
21. Nf5 {15} Bxf5 {2} 22. Qxf5+ Kb8 {1} 23. b4 {17} Qxb4 {3} 24. Bxa6 {4} Qc5 {
145} 25. Rab1 {22} Ka7 {7} 26. Rxb7+ {9} Kxa6 {2} 27. Rxc7 {1} Rg6 {11} 28.
Rxf7 {10} Rdg8 29. g3 {4} R6g7 {8} 30. Rxg7 {35} Rxg7 {1} 31. Qc8+ {2} Ka7 {2}
32. Rb1 {1} h4 {17} 33. Rb6 {15} Qxb6 {8} 34. axb6+ {1} Kxb6 35. Qd8+ {1} 1-0

[Event "Internationaux de France BLITZ"]
[Site "Saint Maur des Fosses, France"]
[Date "2024.06.16"]
[Round "11.1"]
[White "Fressinet, Laurent"]
[Black "Bellahcene, Bilel"]
[Result "1/2-1/2"]
[WhiteElo "2633"]
[BlackElo "2544"]
[PlyCount "77"]
[EventDate "2024.??.??"]

1. d4 Nf6 2. Nf3 {1} e6 3. Bg5 {3} h6 {3} 4. Bh4 {1} d6 {9} 5. Nbd2 {8} g5 {7}
6. Bg3 Nh5 {2} 7. e4 {2} Bg7 {10} 8. c3 {3} Nd7 {4} 9. Nc4 {8} b6 {6} 10. Be2 {
26} Qe7 {32} 11. Nfd2 {11} Nf4 {9} 12. Bxf4 {16} gxf4 13. O-O {16} Bb7 {2} 14.
Bf3 {1} e5 {21} 15. d5 {13} Nf6 {20} 16. a4 {3} a6 {74} 17. a5 {1} b5 18. Na3
c5 {25} 19. dxc6 {21} Bxc6 20. Nc2 {1} O-O {15} 21. Nb4 {8} Bb7 22. c4 {8} bxc4
{11} 23. Nxc4 {19} Nxe4 {8} 24. Nd5 {30} Bxd5 {9} 25. Qxd5 {1} Nf6 {34} 26.
Qxd6 {20} Qxd6 {2} 27. Nxd6 {1} Rab8 {36} 28. Be2 {41} Rfd8 {1} 29. Rad1 {40}
Bf8 {9} 30. Nc4 {7} e4 {12} 31. Rxd8 {16} Rxd8 32. Rd1 Rxd1+ {16} 33. Bxd1 {1}
Bb4 34. Be2 {19} Kf8 {3} 35. Ne5 {4} Bxa5 {2} 36. Bxa6 {1} Bc7 {7} 37. Nc6 {11}
Nd5 {2} 38. Bc4 {4} Ne7 {2} 39. Nxe7 {23} 1/2-1/2

[Event "Internationaux de France BLITZ"]
[Site "Saint Maur des Fosses, France"]
[Date "2024.06.16"]
[Round "11.2"]
[White "Sebag, Marie"]
[Black "Moussard, Jules"]
[Result "0-1"]
[WhiteElo "2441"]
[BlackElo "2610"]
[PlyCount "114"]
[EventDate "2024.??.??"]

1. e4 {38} c5 {1} 2. Nf3 e6 {1} 3. c3 d5 {16} 4. exd5 {2} exd5 {13} 5. d4 {1}
Nf6 {6} 6. Bb5+ {10} Nc6 {14} 7. O-O {2} Be7 8. dxc5 {5} Bxc5 {3} 9. Re1+ {3}
Be6 {2} 10. Be3 {25} Bxe3 {7} 11. Rxe3 {1} O-O {3} 12. Bxc6 {62} bxc6 {2} 13.
Qd4 {3} Qb6 {6} 14. Qxb6 {17} axb6 {1} 15. Nd4 {3} Bd7 {2} 16. Nd2 {12} c5 {26}
17. N4f3 {25} h6 {16} 18. a3 {2} Be6 {1} 19. h3 {10} Rfd8 {2} 20. Rd1 {13} Ne8
{10} 21. Ne5 {21} Nd6 {5} 22. Nc6 {3} Rd7 {3} 23. Ne5 {3} Rc7 {2} 24. Ree1 {10}
Re8 {24} 25. Nd3 {12} g5 {8} 26. f3 {37} Rce7 {10} 27. Kf2 {3} Kg7 {14} 28. Re2
{4} Bf5 {21} 29. Rxe7 {2} Rxe7 30. Re1 {3} Kf6 {2} 31. Rxe7 {5} Kxe7 {1} 32.
Ke3 {8} Bh7 {17} 33. g4 f5 {2} 34. a4 {35} f4+ {10} 35. Ke2 Bg6 {7} 36. b4 {4}
Nb7 {13} 37. bxc5 {10} bxc5 {14} 38. c4 Kd6 {3} 39. cxd5 {18} Kxd5 {1} 40. Nf2
c4 {12} 41. Nfe4 {3} Kd4 42. Nf6 {27} Bc2 {11} 43. Nde4 {13} c3 {9} 44. Nd7 {6}
Bxa4 {15} 45. Ndf6 {5} Bc2 {4} 46. Nxc3 {1} Kxc3 {3} 47. Ng8 Bb3 {13} 48. Nxh6
{1} Be6 {1} 49. Kf2 {6} Kd4 {2} 50. h4 {4} gxh4 {1} 51. Kg2 {2} Ke3 {14} 52. g5
Nd6 53. g6 {3} Ne8 {8} 54. Nf7 {6} h3+ {1} 55. Kh2 Ng7 {1} 56. Ng5 Bf5 {2} 57.
Nxh3 {2} Bxh3 {5} 0-1

[Event "Internationaux de France BLITZ"]
[Site "Saint Maur des Fosses, France"]
[Date "2024.06.16"]
[Round "11.3"]
[White "Materia, Marco"]
[Black "Dardha, Daniel"]
[Result "1-0"]
[WhiteElo "2453"]
[BlackElo "2649"]
[PlyCount "119"]
[EventDate "2024.??.??"]

1. Nf3 {720} d5 {4} 2. e3 Nf6 {6} 3. b3 Bf5 {4} 4. Bb2 {1} e6 5. Be2 {3} h6 6.
O-O {3} Be7 {2} 7. c4 {3} O-O {3} 8. Nc3 {9} c6 {2} 9. d4 {11} Nbd7 10. a3 {7}
a5 {12} 11. Bd3 {17} Ne4 {15} 12. Qc2 {2} Ndf6 {5} 13. Nd2 {7} Nxd2 {33} 14.
Qxd2 {1} Bxd3 {2} 15. Qxd3 {3} Qb6 {1} 16. Rad1 {31} Rfd8 {27} 17. Rd2 {32} Bf8
{5} 18. Ne2 {15} Qa6 {9} 19. Rc2 {27} Ne4 {4} 20. Rd1 {8} a4 {20} 21. b4 {11}
Nd6 {1} 22. c5 {5} Qxd3 {37} 23. Rxd3 {2} Nc4 24. Ng3 {19} b5 {51} 25. cxb6 {14
} Rdb8 26. Nf1 {15} Rxb6 {2} 27. Bc1 {8} f6 {63} 28. Nd2 {3} Nd6 29. f3 {17}
Kf7 {3} 30. Kf2 {1} Ke8 {5} 31. g4 {24} Be7 {5} 32. e4 {11} Nb5 {9} 33. Bb2 {5}
Bd6 {7} 34. e5 {9} fxe5 {9} 35. dxe5 Be7 36. f4 Kd7 {14} 37. Nf3 {3} Rf8 {4}
38. Kg3 {10} g5 {3} 39. Bc1 {3} gxf4+ {6} 40. Bxf4 {1} Rh8 {17} 41. h4 {7} Rbb8
42. Be3 {24} Rh7 {12} 43. Nd4 {8} Nxd4 {5} 44. Bxd4 {1} Rg7 {3} 45. Rdc3 {28}
Rbg8 {7} 46. g5 hxg5 {6} 47. h5 Rc8 {3} 48. b5 {2} c5 {3} 49. Bxc5 {1} Bd8 {4}
50. Bd4 {9} Rb8 {2} 51. b6 {2} Rf7 52. Rc6 {18} Rf4 {5} 53. Rd6+ {2} Ke7 {1}
54. Bc5 Ke8 {5} 55. Rxe6+ {1} Kf7 56. Rd6 {2} Re4 {6} 57. Rf2+ {2} Kg7 {3} 58.
Rd7+ {4} Kh6 {3} 59. Bf8+ {5} Kxh5 {1} 60. Rh7+ 1-0

[Event "Internationaux de France BLITZ"]
[Site "Saint Maur des Fosses, France"]
[Date "2024.06.16"]
[Round "11.4"]
[White "Velten, Paul"]
[Black "Travadon, Loic"]
[Result "0-1"]
[WhiteElo "2504"]
[BlackElo "2445"]
[PlyCount "108"]
[EventDate "2024.??.??"]

1. d4 {3} Nf6 {3} 2. c4 {2} e6 {2} 3. Nf3 {2} b6 {12} 4. a3 {5} Bb7 {5} 5. Bf4
{2} g6 {7} 6. Nc3 {27} Bg7 {2} 7. Qc2 {47} O-O {10} 8. Rd1 {7} d5 {12} 9. e3 {4
} dxc4 {6} 10. Bxc4 {4} Bxf3 {13} 11. gxf3 {2} c6 {2} 12. O-O {23} Nbd7 {4} 13.
Bd6 {8} Re8 {14} 14. Rd2 {18} Bf8 {28} 15. Bg3 {10} Nh5 {8} 16. Rc1 {13} a6 {6}
17. Ba2 {7} Ndf6 {25} 18. Ne4 {5} Nxe4 {27} 19. Qxe4 {2} c5 {9} 20. d5 {18} Nf6
{6} 21. Qc2 {55} exd5 {13} 22. Rcd1 {3} c4 {9} 23. e4 {11} b5 {2} 24. exd5 {2}
Bd6 {12} 25. b3 {4} cxb3 {12} 26. Bxb3 {1} Rc8 {4} 27. Qb2 {6} Nh5 {8} 28. a4 {
17} b4 {3} 29. a5 {12} Rc3 {24} 30. Ba4 {6} Re5 {33} 31. Bxe5 {28} Bxe5 {1} 32.
Qxb4 {3} Nf4 {4} 33. Kh1 {4} Qg5 {2} 34. Rg1 {4} Qh5 {4} 35. Rg3 {7} Nd3 {20}
36. Qb7 {13} Bxg3 {18} 37. fxg3 {3} Qh3 {1} 38. Kg1 {11} Qf5 {29} 39. Qb8+ {4}
Kg7 {1} 40. Bd1 Qxd5 {3} 41. Qb6 {14} Qe5 {1} 42. Re2 {1} Qd5 {8} 43. Bc2 {5}
Nc5 {2} 44. Be4 {6} Qd1+ {3} 45. Kf2 Rc1 {8} 46. Qb2+ {2} f6 {1} 47. Ke3 {4}
Qg1+ {5} 48. Rf2 {5} Nxe4 {4} 49. fxe4 {3} Re1+ {2} 50. Kf3 {3} Qh1+ {1} 51.
Rg2 {1} Rg1 {3} 52. Qf2 {3} Rf1 {3} 53. h4 {3} Rxf2+ {1} 54. Kxf2 Qa1 {1} 0-1